LEADER 01105nam a2200265 i 4500 001 000000046186 003 CaOOAMICUS 005 20121022000000.0 008 121022s1994 it u000 u ita u 013 $a17356 040 $aSeMil$bita 100 1 $aMerati, Augusto.$0(OLS)http://semarc/name/22942 245 10$aImmagini sacre e profane in Brianza /$cAugusto Merati. 260 $a[S.l. :$bs.n.],$c1994$e(Monza :$fTipografica sociale,$g1994) 300 $a143 p. :$bill. ;$c30 cm. 500 $aA piè del front. : Supplemento de "Il cittadino", Monza 1994. 650 4$aBrianza.$0(OLS)http://semarc/subject/5843 650 4$aImmagini sacre.$0(OLS)http://semarc/subject/6118 650 4$aMonza.$0(OLS)http://semarc/subject/7980 650 4$aBrianza - Pietà popolare.$0(OLS)http://semarc/subject/9823 850 $aSeMil 852 $aSeMil$W1$xVenegono$y1$m3P VI 93$j12341$B12341$CSeMilBibl$Z2$F12341 $81 961 $aOmaggio: Donazione 996 $6245$aImmagini sacre e profane in Brianza$9(OLS)http://semarc/title/68949 996 $6260$a[S.l. :$bs.n.]$9(OLS)http://semarc/publisher/29751 LEADER 01088nam a2200241 i 4500 001 000000046668 003 CaOOAMICUS 005 20120322000000.0 008 120322s1964 xx u000 u fre u 013 $a17838 040 $aSeMil$bita 100 1 $aLeclercq, Jean,$c.$0(OLS)http://semarc/name/89154 245 10$aAux sources de la spirituaité occidentale :$bétapes et constantes /$cdom Jean Leclercq. 260 $aParis :$bLes Éditions du Cerf,$c1964. 300 $a317 p. ;$c20 cm. 490 0 $aTradition et spiritualité ;$v4 500 $aContiene : Note bibliographique. - In mezzo al front [vol. 1]. 650 4$aSpiritualità - Storia.$0(OLS)http://semarc/subject/1901 830 0$aTradition et spiritualité ;$v4.$0(OLS)http://semarc/title/752 850 $aSeMil 852 $aSeMil$W1$xVenegono$y1$m2C II 168$j12823$B12823$CSeMilBibl$Z2$F12823 $81 996 $6245$aAux sources de la spirituaité occidentale :$bétapes et constantes$9(OLS)http://semarc/title/69877 996 $6260$aParis :$bLes Éditions du Cerf$9(OLS)http://semarc/publisher/29611